00465nam a2200145Ia 450000500170000000800410001704100080005810000300006624500420009625000080013826000200014630000080016699900190017495201260019320251013221652.0251010s9999 xx 000 0 und d aeng aKrishnamurthy, Y.9214390 aPosthumous Papers Of The Pickwde Club a1st bMacmillanc1996 a204 c368672d368672 00104070aSSMMbSSMMd2014-05-13g46.00i3837l0pSSMM-ABK-010000676r2025-10-13 22:16:52w1996-02-24yBKzABK010000676